000
00200nam a2200085 4500
001
1256723
005
20260105133611.0
245
_a
ŞİRİN ANLATMAZSAM ÇATLARIM
_c
BİRSEN EKİM ÖZEN
260
_b
TİMAŞ
999
_c
1256723
_d
1256723